Hárem (Record no. 22268)
[ view plain ]
| 000 -LEADER | |
|---|---|
| fixed length control field | 01599cam a2200457 a 4500 |
| 001 - CONTROL NUMBER | |
| control field | 22268 |
| 003 - CONTROL NUMBER IDENTIFIER | |
| control field | VRT |
| 005 - DATE AND TIME OF LATEST TRANSACTION | |
| control field | 20260324154952.0 |
| 008 - FIXED-LENGTH DATA ELEMENTS--GENERAL INFORMATION | |
| fixed length control field | 240702s1993 xo g 0000f slo |
| 015 ## - NATIONAL BIBLIOGRAPHY NUMBER | |
| National bibliography number | SNBA1994/01 |
| 020 ## - INTERNATIONAL STANDARD BOOK NUMBER | |
| International Standard Book Number | 8070942363 |
| 035 ## - SYSTEM CONTROL NUMBER | |
| System control number | SNK000016459 |
| 039 #9 - LEVEL OF BIBLIOGRAPHIC CONTROL AND CODING DETAIL [OBSOLETE] | |
| Level of rules in bibliographic description | 202407310831 |
| Level of effort used to assign nonsubject heading access points | AUTHORITY |
| Level of effort used to assign subject headings | 202407310743 |
| Level of effort used to assign classification | AUTHORITY |
| Level of effort used to assign subject headings | 202407310723 |
| Level of effort used to assign classification | msnk181 |
| Level of effort used to assign subject headings | 202407091307 |
| Level of effort used to assign classification | msnk167 |
| 040 ## - CATALOGING SOURCE | |
| Original cataloging agency | SNK |
| Language of cataloging | slo |
| Transcribing agency | SNK |
| Description conventions | AACR2 |
| 041 1# - LANGUAGE CODE | |
| Language code of text/sound track or separate title | slo |
| Language code of original | eng |
| 044 ## - COUNTRY OF PUBLISHING/PRODUCING ENTITY CODE | |
| MARC country code | xo |
| ISO country code | SK |
| 072 #7 - SUBJECT CATEGORY CODE | |
| Subject category code | 821.111-3 |
| Subject category code subdivision | Anglická próza, anglicky písaná |
| Source | konspekt |
| 080 ## - UNIVERSAL DECIMAL CLASSIFICATION NUMBER | |
| Universal Decimal Classification number | 821.111-31 |
| Edition identifier | 2001 |
| 080 ## - UNIVERSAL DECIMAL CLASSIFICATION NUMBER | |
| Universal Decimal Classification number | (0:82-312.5) |
| Edition identifier | 2011 |
| 100 1# - MAIN ENTRY--PERSONAL NAME | |
| Personal name | Falconer, Colin, |
| Dates associated with a name | 1953- |
| Relationship | aut |
| 240 10 - UNIFORM TITLE | |
| Uniform title | Harem |
| Language of a work | Slovensky |
| 245 10 - TITLE STATEMENT | |
| Title | Hárem |
| Statement of responsibility, etc. | Colin Falconer ; prekl. Igor Otčenáš, Sabína Bačíková, Pavol Chorvát |
| 250 ## - EDITION STATEMENT | |
| Edition statement | 1. vyd. |
| 260 ## - PUBLICATION, DISTRIBUTION, ETC. | |
| Place of publication, distribution, etc. | Bratislava |
| Name of publisher, distributor, etc. | Práca, spol. s r.o. |
| Date of publication, distribution, etc. | 1993 |
| Place of manufacture | Banská Bystrica |
| Manufacturer | Tlačiarne BB, spol. s r.o. |
| 300 ## - PHYSICAL DESCRIPTION | |
| Extent | 485 s. |
| Dimensions | 21 cm |
| 490 1# - SERIES STATEMENT | |
| Series statement | Triumf |
| Volume/sequential designation | zv. 10/93 |
| 655 #7 - INDEX TERM--GENRE/FORM | |
| Genre/form data or focus term | anglické romány |
| Source of term | SNKPH |
| 655 #7 - INDEX TERM--GENRE/FORM | |
| Genre/form data or focus term | ľúbostné romány |
| Source of term | SNKPH |
| 700 1# - ADDED ENTRY--PERSONAL NAME | |
| Personal name | Otčenáš, Igor, |
| Dates associated with a name | 1956- |
| Relationship | trl |
| 700 1# - ADDED ENTRY--PERSONAL NAME | |
| Personal name | Bačíková, Sabína, |
| Dates associated with a name | 1951- |
| Relationship | trl |
| 700 1# - ADDED ENTRY--PERSONAL NAME | |
| Personal name | Chorvát, Pavol |
| Relationship | trl |
| 700 1# - ADDED ENTRY--PERSONAL NAME | |
| Personal name | Poláková, Mária |
| Titles and other words associated with a name | (grafička) |
| Relationship | bjd |
| 700 1# - ADDED ENTRY--PERSONAL NAME | |
| Personal name | Nágel, Dušan, |
| Dates associated with a name | 1949- |
| Relationship | bjd |
| 830 #0 - SERIES ADDED ENTRY--UNIFORM TITLE | |
| Uniform title | Triumf |
| 942 ## - ADDED ENTRY ELEMENTS (KOHA) | |
| Source of classification or shelving scheme | Dewey Decimal Classification |
| Koha item type | Krásna literatúra pre dospelých |
| Suppress in OPAC | No |
| 949 ## - LOCAL PROCESSING INFORMATION (OCLC) | |
| 6 | 17A0053375 |
| 9 | P60, <04>, [BOOK], {604} |
| a | snkSC 84592 D1 |
| 949 ## - LOCAL PROCESSING INFORMATION (OCLC) | |
| 6 | 17A1010704 |
| a | snkSC 84592 |
| 949 ## - LOCAL PROCESSING INFORMATION (OCLC) | |
| 6 | 273K0197392 |
| a | svkpoA 161793 |
| b | svkpo398879 |
| o | PV 1655/94 |
| Stav vyradenia | Strata | Poškodenie | Spôsob nadobudnutia | Domovská knižnica | Aktuálna knižnica | Dátum nadobudnutia | Total checkouts | Čiarový kód exemplára | Date last seen | Typ exemplára |
|---|---|---|---|---|---|---|---|---|---|---|
| Dar | Obecná knižnica Horná Štubňa | Obecná knižnica Horná Štubňa | 24.03.2026 | 4736201927 | 24.03.2026 | Krásna literatúra pre dospelých |
